<?xml version="1.0" encoding="UTF-8"?>
<collection xmlns:xsi="http://www.w3.org/2001/XMLSchema-instance" xsi:schemaLocation="http://www.loc.gov/MARC21/slim http://www.loc.gov/standards/marcxml/schema/MARC21slim.xsd" xmlns="http://www.loc.gov/MARC21/slim">
 <record>
  <leader>00000cam a22000003a 4500</leader>
  <controlfield tag="001">UP-99796217613182158</controlfield>
  <controlfield tag="003">Buklod</controlfield>
  <controlfield tag="005">20230503071510.0</controlfield>
  <controlfield tag="006">a     r     001 0 </controlfield>
  <controlfield tag="007">ta</controlfield>
  <controlfield tag="008">191112s        xx     d     r    |||| u|</controlfield>
  <datafield tag="020" ind1=" " ind2=" ">
   <subfield code="a">9781786434388(hbk)</subfield>
  </datafield>
  <datafield tag="035" ind1=" " ind2=" ">
   <subfield code="a">(iLib)UPD-00418665706</subfield>
  </datafield>
  <datafield tag="040" ind1=" " ind2=" ">
   <subfield code="a">ERASA</subfield>
   <subfield code="d">DLAW</subfield>
   <subfield code="e">rda</subfield>
  </datafield>
  <datafield tag="041" ind1="0" ind2=" ">
   <subfield code="a">eng</subfield>
  </datafield>
  <datafield tag="090" ind1=" " ind2=" ">
   <subfield code="a">K 3850</subfield>
   <subfield code="b">C675  2017</subfield>
  </datafield>
  <datafield tag="100" ind1="1" ind2=" ">
   <subfield code="a">Cooreman, Barbara</subfield>
   <subfield code="e">author</subfield>
  </datafield>
  <datafield tag="245" ind1="1" ind2="0">
   <subfield code="a">Global environmental protection through trade</subfield>
   <subfield code="b">a systematic approach to extraterritoriality</subfield>
   <subfield code="c">Barbara Cooreman.Leiden University, the Netherlands Aerospace and Defence Industries Association of Europe, Belgium.</subfield>
  </datafield>
  <datafield tag="264" ind1=" " ind2="1">
   <subfield code="a">Cheltenham, Glos</subfield>
   <subfield code="a">Northampton, Massachusetts</subfield>
   <subfield code="b">Edward Elgar Publishing Limited</subfield>
   <subfield code="b">Edward Elgar Publishing, Inc.</subfield>
   <subfield code="c">[2017]</subfield>
  </datafield>
  <datafield tag="264" ind1=" " ind2="4">
   <subfield code="c">©2017</subfield>
  </datafield>
  <datafield tag="300" ind1=" " ind2=" ">
   <subfield code="a">xviii, 319 pages</subfield>
   <subfield code="c">24 cm</subfield>
  </datafield>
  <datafield tag="336" ind1=" " ind2=" ">
   <subfield code="a">text</subfield>
   <subfield code="2">rdacontent</subfield>
  </datafield>
  <datafield tag="337" ind1=" " ind2=" ">
   <subfield code="a">unmediated</subfield>
   <subfield code="2">rdamedia</subfield>
  </datafield>
  <datafield tag="338" ind1=" " ind2=" ">
   <subfield code="a">volume</subfield>
   <subfield code="2">rdacarrier</subfield>
  </datafield>
  <datafield tag="504" ind1=" " ind2=" ">
   <subfield code="a">Includes bibliographical references and index.</subfield>
  </datafield>
  <datafield tag="520" ind1=" " ind2=" ">
   <subfield code="a">Despite an increasing global awareness of environmental concerns, setting internationally binding and ambitious commitments has proven exceedingly complex. As states are seeking alternative methods to support global environmental protection, this book takes a closer look at the possibility of using national trade measures that make market access conditional on the environmental impact of the production process abroad. Inspired by accepted practice in other fields of law, Barbara Cooreman illustrates that the extraterritorial character of these environmental trade measures is not necessarily inconsistent with WTO law by proposing an extraterritoriality decision tree for trade measures targeting foreign production processes. Identifying key challenges through varied case studies, the author demonstrates that states can indeed use their market to further environmental progress, when the state's environment is affected and where a minimum level of international legal support exists for the environmental concern at issue. The book shows that current WTO laws leave more room for action than often thought and concludes that WTO law is no excuse for environmental inaction. Practical and comparative, this book will appeal to scholars of both environmental and trade law. It also offers a valuable tool to aid judges and lawmakers alike in determining the lawfulness of a measure.</subfield>
  </datafield>
  <datafield tag="650" ind1=" " ind2="0">
   <subfield code="a">Trade regulation</subfield>
   <subfield code="x">Environmental aspects.</subfield>
  </datafield>
  <datafield tag="842" ind1=" " ind2=" ">
   <subfield code="a">Book</subfield>
  </datafield>
  <datafield tag="905" ind1=" " ind2=" ">
   <subfield code="a">FO</subfield>
  </datafield>
  <datafield tag="852" ind1="0" ind2=" ">
   <subfield code="a">UPD</subfield>
   <subfield code="b">DLAW</subfield>
   <subfield code="h">K3850 .C675  2017</subfield>
  </datafield>
  <datafield tag="942" ind1=" " ind2=" ">
   <subfield code="a">Book</subfield>
  </datafield>
 </record>
</collection>
